Binomialverteilung - Formeln - Statistiken

Allgemein
  • Dieses Quiz wurde 5 mal gespielt
  • Das Durchschnittsergebnis liegt bei 3 aus 6
Antwortstatistiken
Beschreibung Antwort % Korrekt
Die Anzahl der Erfolge, die man erzielen möchte X
100%
Die Anzahl der Versuche n
75%
Die Wahrscheinlichkeit für einen Erfolg in einem einzelnen Versuch p
50%
Der Binomialkoeffizient, der die Anzahl der Erfolge in Versuchen angibt (n über X)
25%
Die Wahrscheinlichkeit, eines Erfolges P(X)
25%
Die Formel P(X)=(n über X)*p^X*(1-p)^(n-X)
0%
Keine übereinstimmenden Quizze gefunden
Verteilung der Resultate
Anzahl Personen mit jedem Resultat
Perzentil nach korrekt beantworteten Fragen
Ihre Resultats-Entwicklung
Sie haben dieses Quiz noch nicht gespielt